000 00367nam a2200145Ia 4500
008 150201s2009 xx 000 0 und d
082 _a617.525
_bC2009K
100 _aKABAN,L.B.
245 _aCOMPLICATIONS IN ORAL & MAXILLOFACIAL SURGERY
250 _a1ST
260 _bSAUNDERS
_aPHILADELPHIA
_c2009
300 _a1-386
650 _aORAL SURGERY
942 _2ddc
_cBK
999 _c4544
_d4544